| 000 | 01164naa a22003257a 4500 | ||
|---|---|---|---|
| 001 | BR8801233 | ||
| 003 | BR-BrBNA | ||
| 005 | 20240918175951.0 | ||
| 007 | ta | ||
| 008 | 230509b bl.||||| |||| 00| 0 por d | ||
| 040 |
_aBR-BrBNA _bpor _cBiblioteca Nacional de Agricultura |
||
| 041 | _a(Pt) | ||
| 072 |
_aF04 _b0120 _b3820 |
||
| 090 | _aF04 BR8801233 | ||
| 100 | 1 | _aPons, A.L. | |
| 100 | 1 | _aNuss, C.N. | |
| 100 | 1 | _aSechin, J. | |
| 100 | 1 | _aMachado, L.C. | |
| 111 | 1 |
_a30. Reuniao Tecnica Anual do Milho _cPorto Alegre, RS (Brazil) _d6 Aug 1985 |
|
| 245 | 1 | _aEfeito de doses de nitrogenio sobre o rendimento de milho, em cultivo minimo e convencional, apos o cultivo da ervilhaca | |
| 260 | 3 |
_aPorto Alegre, RS (Brasil): _c1985. |
|
| 500 | _aAta da 30. Reuniao Tecnica Anual do Milho Porto Alegre, RS (Brasil): 1985. p. 132-135 (BR8801233-AM)F04 | ||
| 650 | _aMILHO | ||
| 650 | _aADUBACAO | ||
| 650 | _aFERTILIZANTE NITROGENADO | ||
| 650 | _aCOBERTURA VEGETAL | ||
| 773 | 0 |
_tAta da 30. Reuniao Tecnica Anual do Milho _wF04 BR8801233 _gPorto Alegre, RS (Brasil), 1985. p. 132-135 |
|
| 909 |
_a202404 _bLucia _c55 _dLucia Elande |
||
| 942 |
_cAM _2AGRIS |
||
| 999 |
_c319019 _d319019 |
||